Visualizzazione normale
Vista MARC
- Da Silva, Antonio F.
di Personal Name
Records bibliografici associati: 1
001 - CONTROL NUMBER
- control field: 129
003 - CONTROL NUMBER IDENTIFIER
- control field: IT-RoPau
005 - DATE AND TIME OF LATEST TRANSACTION
- control field: 20130109100419.0
008 - FIXED-LENGTH DATA ELEMENTS
- fixed length control field: 130109|| aca||aabn | a|a d
040 ## - CATALOGING SOURCE
- Original cataloging agency: IT-RoPau
- Transcribing agency: IT-RoPau
100 ## - HEADING--PERSONAL NAME
- Personal name: Da Silva, Antonio F.
- Titles and other words associated with a name: ssp
670 ## - SOURCE DATA FOUND
- Source citation: Work cat.: (IT-RoPau)26896: Da Silva, Antonio F. ssp, Il cammino degli Esercizi Spirituali nel pensiero di Don G. Alberione, 1981